00403pab a2200133 454500008004000000100001700040245008500057260000900142300001400151362001200165650002100177650002500198773004600223180718b2005 xxu||||| |||| 00| 0 eng d aAlavi, Seema aUnani medicine in the 19th century public sphere: Urdu texts and the Oudh Akhbar c2005 ap.101-29. aJan-Mar aMedical sciences aTraditional medicine aIndian Economic and Social History Review